00643nam a2200193Ia 4500008004100000020001400041082001500055100001600070245003800086250000800124260004400132300002900176500001900205600002100224650005000245942000700295952013200302999001500434240925s9999 xx 000 0 und d a750650860 a005.74 HOW aHowe, David 0aData Analysis for Database Design a3rd aOxford:bButter worth -Heinemanc,2001. axiii,328p.bNAfOriginal aIncludes Index aComputer Science aComputer science, information & general works cBK 001040708CSaUITUbUITUd2003-05-05eRoyal Book Company g2051.39l0o005.74 HOWpQ5056r2024-09-25 07:13:43w2024-09-25yBK c7555d7555